The pleasures of an absentee landlord, and other essays /

Bibliographic Details
Main Author: Crothers, Samuel McChord, 1857-1927
Format: Book
Language:English
Published: Boston ; New York : Houghton Mifflin, 1916.
Subjects:
Online Access:http://link.library.utoronto.ca/eir/EIRdetail.cfm?Resources__ID=1114749&T=F
Connect to Internet resource

MARC

Tag First Indicator Second Indicator Subfields
LEADER 00000cam a2200000 a 4500
001 in00000030650
005 20241023123534.0
008 860206s1916 mau 000 e eng
010 |a  16023051  
019 |a 505429  |a 948406147  |a 977405843  |a 1124240462  |a 1131935639 
020 |a 083692844X 
020 |a 9780836928440 
029 1 |a DEBBG  |b BV008693486 
035 |a (OCoLC)ocm38864161  
035 |a (OCoLC)38864161  |z (OCoLC)505429  |z (OCoLC)948406147  |z (OCoLC)977405843  |z (OCoLC)1124240462  |z (OCoLC)1131935639 
035 |a (OCoLC)ocm38864161  
040 |a DLC  |b eng  |c NUI  |d HIR  |d CGP  |d OCLCG  |d BKL  |d CRU  |d OCLCE  |d KRTAS  |d AMAZN  |d DEBBG  |d OCLCF  |d OCLCO  |d OCLCQ  |d RBN  |d YDXCP  |d CNUTO  |d OCLCA  |d UWO  |d OCLCO  |d PUL  |d OCLCQ  |d OCL  |d OCLCO  |d OCLCL 
050 1 4 |a PS3505.R9  |b P54 
082 0 4 |a 814.52  |2 22 
084 |a HU 3423  |2 rvk 
100 1 |a Crothers, Samuel McChord,  |d 1857-1927. 
245 1 4 |a The pleasures of an absentee landlord, and other essays /  |c by Samuel McChord Crothers. 
260 |a Boston ;  |a New York :  |b Houghton Mifflin,  |c 1916. 
300 |a 229 pages ;  |c 20 cm 
336 |a text  |b txt  |2 rdacontent 
337 |a unmediated  |b n  |2 rdamedia 
338 |a volume  |b nc  |2 rdacarrier 
505 0 |a The pleasures of an absentee landlord -- Protective coloring in education -- Concerning the liberty of teaching -- Epaphroditus to Epictetus -- Epictetus to Epaphroditus -- The charm of seventeenth-century prose -- Thomas Fuller and his "Worthies."--A literary clinic -- The alphabetical mind -- The gregariousness of minor poets -- The taming of Leviathan -- The strategy of peace. 
583 |a commitment to retain  |c 20151208  |2 pda  |5 OTUTLD 
650 0 |a Essays. 
650 6 |a Essais (Genre littéraire) 
650 7 |a essays.  |2 aat 
650 7 |a Essays  |2 fast 
655 7 |a Fiction  |2 fast 
655 7 |a Fiction.  |2 lcgft 
655 7 |a Romans.  |2 rvmgf 
758 |i has work:  |a The pleasures of an absentee landlord (Text)  |1 https://id.oclc.org/worldcat/entity/E39PCGdbCc6hCPwjfpkgykrvMd  |4 https://id.oclc.org/worldcat/ontology/hasWork 
776 0 8 |i Online version:  |a Crothers, Samuel McChord, 1857-1927.  |t Pleasures of an absentee landlord, and other essays.  |d Boston ; New York : Houghton Mifflin, 1916  |w (OCoLC)441954705 
776 0 8 |i Online version:  |a Crothers, Samuel McChord, 1857-1927.  |t Pleasures of an absentee landlord, and other essays.  |d Boston ; New York : Houghton Mifflin, 1916  |w (OCoLC)562286840 
776 0 8 |i Online version:  |a Crothers, Samuel McChord, 1857-1927.  |t Pleasures of an absentee landlord, and other essays.  |d Boston ; New York : Houghton Mifflin, 1916  |w (OCoLC)610573761 
856 4 1 |u http://link.library.utoronto.ca/eir/EIRdetail.cfm?Resources__ID=1114749&T=F  |t 0 
856 4 |x Scholars Portal Open Content Alliance  |u http://books.scholarsportal.info/viewdoc.html?id=/ebooks/oca7/43/pleasuresofabse00crot  |z Connect to Internet resource  |t 0 
938 |a AMAZON  |b AMZN  |n B003AYEVDA 
938 |a Kirtas Technologies, Inc.  |b KRTS  |n 113683 
938 |a YBP Library Services  |b YANK  |n 7909503 
948 |h HELD BY TXA - 322 OTHER HOLDINGS 
994 |a Z0  |b TXA 
999 f f |s 5cc938cf-6000-3e66-bee2-ad422709ffc6  |i 079657e5-f920-3cca-a543-baf17018aa2f  |t 0 
952 f f |p ric  |a Texas A&M University  |b Rellis Campus  |c Joint Library Facility  |d Remote Storage  |t 0  |e PS3505.R9 P6 1916  |h Library of Congress classification  |i unmediated -- volume  |m A14801257754 
998 f f |a PS3505.R9 P6 1916  |t 0  |l Remote Storage